000 01164nam a22001817a 4500
999 _c26327
_d26327
003 BDDh-ASL
005 20231015030630.0
008 211007s1957 p ||||| |||| 00| 0 u d
040 _aBDDh-ASL
_cBDDh-ASL
082 _a297.4
_bSUF
100 1 _94805
_aSultani, Mashuq Hussain Khan
245 1 0 _aFawaid-e Hazrat Banda Nawaz : / فوا‏ئد حضرت بندہ نواز
246 _aFawaid-e Hazrat Banda Nawaz
260 _aLahore :
_bSajjad Publishers ,
_c1957.
300 _a100 p. :
_c22 cm.
650 0 _aSufism, ˈso͞ofˌizəm, সুফিবাদ, Suphibāda, রহস্যবাদ, obscurantism, সুফি-পীর-দরবেশ, Suphi-pīra-darabēśa, Sufi-pir-dervish, পীর-দরবেশ, Pīra-darabēśa, Peer-Darbesh, ওলী-আউলিয়ার, Ōlī-ā'uliẏāra, Oli-Auliar, yogi, ˈyōɡē, যোগী, Yōgī, সন্ন্যাসী, Sann'yāsī, monastic, ভিক্ষু, ধর্মার্থ মঠবাসী ব্যক্তি, recluse, monk, নির্জনবাসী ব্যক্তি, saint, sānt, সাধু, Sādhu, সন্ত, patron saint
_92764
942 _2ddc
_cBK